[Event "POL-chT 2nd League"]
[Site "Jastrzebia Gora"]
[Date "2022.09.06"]
[Round "4.108"]
[White "Stanisz, Patryk"]
[Black "Palosz, Andrzej"]
[Result "0-1"]
[WhiteElo "2199"]
[BlackElo "2023"]
[PlyCount "68"]
[EventDate "2022.09.03"]
[EventType "team-swiss"]
[EventRounds "9"]
[EventCountry "POL"]
[SourceTitle "CBM 210 Extra"]
[Source "ChessBase"]
[SourceDate "2022.11.30"]
[SourceVersion "1"]
[SourceVersionDate "2022.11.30"]
[SourceQuality "1"]
[WhiteTeam "Zory Roszada"]
[BlackTeam "Skarzysko Kamienna"]
[WhiteTeamCountry "POL"]
[BlackTeamCountry "POL"]

1. d4 d5 2. c4 dxc4 3. Nf3 Nf6 4. e3 Bg4 5. Bxc4 e6 6. Nbd2 a6 7. h3 Bh5 8. g4 Bg6 9. Ne5 Nbd7 10. Nxg6 hxg6 11. Qf3 c6 12. a3 Qc7 13. g5 Nd5 14. e4 N5b6 15. Ba2 c5 16. d5 Ne5 17. Qe2 c4 18. Kf1 0-0-0 19. f4 Nd3 20. Nxc4 Nxc1 21. Rxc1 Qxf4+ 22. Kg2 Nxc4 23. Bxc4 Kb8 24. Rc3 Qxg5+ 25. Rg3 Qe5 26. Rd1 Bd6 27. Rdd3 Rh4 28. Rb3 Rxe4 29. Qf1 Rc8 30. Qxf7 Rc7 31. Qe8+ Ka7 32. Bxa6 Rc2+ 33. Kg1 Re1+ 34. Bf1 Rxf1+ 0-1

[Event "POL-chT 2nd League"]
[Site "Jastrzebia Gora"]
[Date "2022.09.04"]
[Round "2.133"]
[White "Dzhuguryan, Tygran"]
[Black "Palosz, Andrzej"]
[Result "0-1"]
[WhiteElo "2177"]
[BlackElo "2023"]
[PlyCount "84"]
[EventDate "2022.09.03"]
[EventType "team-swiss"]
[EventRounds "9"]
[EventCountry "POL"]
[SourceTitle "CBM 210 Extra"]
[Source "ChessBase"]
[SourceDate "2022.11.30"]
[SourceVersion "1"]
[SourceVersionDate "2022.11.30"]
[SourceQuality "1"]
[WhiteTeam "Choszczno Skoczek"]
[BlackTeam "Skarzysko Kamienna"]
[WhiteTeamCountry "POL"]
[BlackTeamCountry "POL"]

1. d4 Nf6 2. c4 g6 3. Nc3 d5 4. Nf3 Bg7 5. Bg5 Ne4 6. cxd5 Nxg5 7. Nxg5 e6 8. Nf3 exd5 9. e3 0-0 10. b4 c6 11. Qb3 Qe7 12. Be2 Be6 13. 0-0 Nd7 14. Rac1 f5 15. Rfe1 g5 16. b5 g4 17. Nd2 f4 18. bxc6 bxc6 19. Nd1 f3 20. Bf1 Rab8 21. Qc3 Nf6 22. Qc5 Qf7 23. Qd6 Rbd8 24. Qa3 Bd7 25. Rb1 Qh5 26. g3 Ne8 27. Rb7 Rf6 28. Qxa7 Bc8 29. Rb8 Rh6 30. h3 gxh3 31. Kh2 Nd6 32. Qc7 Qe8 33. Nxf3 Ne4 34. Ne5 c5 35. Rb6 Rxb6 36. Qxb6 c4 37. Qa5 Rd6 38. Be2 Bxe5 39. dxe5 Qxe5 40. f4 Qg7 41. Rg1 c3 42. Qc7 Qxc7 0-1

[Event "Katowice POL-HUN 3rd"]
[Site "Katowice"]
[Date "2015.03.21"]
[Round "3"]
[White "Pakleza, Zbigniew"]
[Black "Palosz, Andrzej"]
[Result "1-0"]
[WhiteElo "2498"]
[BlackElo "2127"]
[PlyCount "45"]
[EventDate "2015.03.21"]
[EventType "swiss (rapid)"]
[EventRounds "9"]
[EventCountry "POL"]
[SourceTitle "CBM 165 Extra"]
[Source "ChessBase"]
[SourceDate "2015.04.21"]
[SourceVersion "1"]
[SourceVersionDate "2015.04.21"]
[SourceQuality "1"]

1. d4 Nf6 2. Nf3 g6 3. Bf4 Bg7 4. e3 0-0 5. Be2 c5 6. c3 Qb6 7. Qb3 d6 8. Nbd2 Qxb3 9. axb3 Nbd7 10. h3 b6 11. Bg3 Bb7 12. Ba6 Bxa6 13. Rxa6 Nb8 14. Ra1 Nc6 15. Bh4 cxd4 16. exd4 e5 17. dxe5 dxe5 18. Bxf6 Bxf6 19. 0-0 Rfd8 20. b4 Bg7 21. Rfe1 h6 22. Nc4 Rd5 23. Nxb6 1-0

[Event "Rewal op-A 17th"]
[Site "Rewal"]
[Date "2012.08.23"]
[Round "3"]
[White "Poswiatowski, Michal"]
[Black "Palosz, Andrzej"]
[Result "1/2-1/2"]
[WhiteElo "2008"]
[BlackElo "2159"]
[PlyCount "57"]
[EventDate "2012.08.20"]
[EventType "swiss"]
[EventRounds "9"]
[EventCountry "POL"]
[SourceTitle "CBM 150 Extra"]
[Source "ChessBase"]
[SourceDate "2012.10.19"]
[SourceVersion "1"]
[SourceVersionDate "2012.10.19"]
[SourceQuality "1"]

1. e4 c5 2. Nf3 e6 3. d4 cxd4 4. Nxd4 a6 5. Bd3 Nf6 6. 0-0 d6 7. Qe2 Be7 8. c4 0-0 9. Nc3 Qc7 10. Be3 Nbd7 11. Rac1 Re8 12. f4 Bf8 13. h3 b6 14. b4 Bb7 15. Nb3 Rad8 16. a3 Qb8 17. Qf2 Ba8 18. Rfe1 d5 19. cxd5 exd5 20. e5 Ne4 21. Nxe4 dxe4 22. Bxb6 Nxb6 23. Qxb6 Re6 24. Qf2 g5 25. Nd4 e3 26. Qxe3 gxf4 27. Qxf4 Bh6 28. Nxe6 Bxf4 29. Nxf4 1/2-1/2

[Event "Rewal op-A 17th"]
[Site "Rewal"]
[Date "2012.08.22"]
[Round "2"]
[White "Palosz, Andrzej"]
[Black "Bes, Michal"]
[Result "1/2-1/2"]
[WhiteElo "2159"]
[BlackElo "1977"]
[PlyCount "128"]
[EventDate "2012.08.20"]
[EventType "swiss"]
[EventRounds "9"]
[EventCountry "POL"]
[SourceTitle "CBM 150 Extra"]
[Source "ChessBase"]
[SourceDate "2012.10.19"]
[SourceVersion "1"]
[SourceVersionDate "2012.10.19"]
[SourceQuality "1"]

1. e4 e5 2. Nf3 Nf6 3. d3 d6 4. Be2 g6 5. Nbd2 Bg7 6. 0-0 0-0 7. c3 c5 8. Nc4 b5 9. Ne3 Nc6 10. a4 b4 11. Nd2 Be6 12. Bf3 Rb8 13. Ndc4 Qc7 14. Bd2 Rfd8 15. Nd5 Bxd5 16. exd5 Ne7 17. Ne3 bxc3 18. bxc3 Rb2 19. g4 Nd7 20. Nc4 Rb7 21. a5 f5 22. h3 Nf6 23. Bg5 h6 24. Bxf6 Bxf6 25. Qc2 Rdb8 26. Rfb1 Nc8 27. Kh1 Kh8 28. Rg1 Qh7 29. Rab1 Qf7 30. a6 Rb5 31. Rxb5 Rxb5 32. Qa4 Rb8 33. Qc6 Qe7 34. gxf5 gxf5 35. Ne3 Qd8 36. Nxf5 Ne7 37. Nxe7 Qxe7 38. Rg6 Rg8 39. Rxh6+ Kg7 40. Rh5 Rh8 41. Rxh8 Kxh8 42. Be4 Kg7 43. Qb7 Kf8 44. Qb8+ Kg7 45. c4 Bh4 46. Qb7 Kf6 47. Qc8 Kg7 48. Qb7 Kf6 49. Qc8 Kg7 50. Qf5 Qg5 51. Qd7+ Qe7 52. Qg4+ Qg5 53. Qf3 Qc1+ 54. Kg2 Qg5+ 55. Kh2 Qf4+ 56. Qxf4 exf4 57. Kg2 Kf6 58. Kf3 Ke5 59. Bh7 Kf6 60. Kxf4 Bxf2 61. Kg4 Be1 62. h4 Bf2 63. h5 Be3 64. Kf3 Bc1 1/2-1/2

[Event "Rewal op-A 17th"]
[Site "Rewal"]
[Date "2012.08.21"]
[Round "1"]
[White "Popiol, Michal"]
[Black "Palosz, Andrzej"]
[Result "1/2-1/2"]
[WhiteElo "1870"]
[BlackElo "2159"]
[PlyCount "66"]
[EventDate "2012.08.20"]
[EventType "swiss"]
[EventRounds "9"]
[EventCountry "POL"]
[SourceTitle "CBM 150 Extra"]
[Source "ChessBase"]
[SourceDate "2012.10.19"]
[SourceVersion "1"]
[SourceVersionDate "2012.10.19"]
[SourceQuality "1"]

1. d4 Nf6 2. c4 g6 3. Nc3 d5 4. Nf3 Bg7 5. Bg5 Ne4 6. cxd5 Nxg5 7. Nxg5 e6 8. Qd2 exd5 9. Qe3+ Kf8 10. Qf4 Bf6 11. h4 h6 12. Nf3 Kg7 13. e3 c5 14. Rc1 Nc6 15. dxc5 d4 16. exd4 Re8+ 17. Be2 Nxd4 18. Nxd4 Bxd4 19. Kf1 Bxc5 20. Nb5 Qe7 21. Bf3 Bf5 22. Nc7 Rec8 23. Nxa8 Be3 24. Qc7 Rxc7 25. Rxc7 Qe8 26. fxe3 Qxe3 27. Be2 Bd3 28. Bxd3 Qxd3+ 29. Kf2 Qd4+ 30. Kg3 Qe5+ 31. Kf3 Qd5+ 32. Kg3 Qe5+ 33. Kf3 Qd5+ 1/2-1/2

[Event "Rewal op-A 16th"]
[Site "Rewal"]
[Date "2011.08.24"]
[Round "5"]
[White "Palosz, Andrzej"]
[Black "Pacuszka, Tomasz"]
[Result "0-1"]
[WhiteElo "2167"]
[BlackElo "2289"]
[PlyCount "110"]
[EventDate "2011.08.19"]
[EventType "swiss"]
[EventRounds "9"]
[EventCountry "POL"]
[SourceTitle "CBM 144 Extra"]
[Source "ChessBase"]
[SourceDate "2011.10.28"]
[SourceVersion "1"]
[SourceVersionDate "2011.10.28"]
[SourceQuality "1"]

1. e4 e5 2. Nf3 Nc6 3. Bb5 a6 4. Ba4 Nf6 5. 0-0 Be7 6. Re1 b5 7. Bb3 d6 8. c3 0-0 9. h3 Na5 10. Bc2 c5 11. d4 Nd7 12. Nbd2 exd4 13. cxd4 Nc6 14. d5 Nce5 15. Nxe5 Nxe5 16. f4 Ng6 17. Nf3 Bh4 18. Nxh4 Qxh4 19. Rf1 Re8 20. Qf3 Bd7 21. Bd2 b4 22. Rad1 Bb5 23. Rfe1 Ra7 24. Kh2 Qf6 25. Bc1 a5 26. Qg3 Rae7 27. f5 Nf8 28. Bg5 Qe5 29. Bf4 Qxb2 30. f6 Qxf6 31. Bxd6 Re5 32. Bxe5 Rxe5 33. d6 Nd7 34. Rd5 g6 35. Red1 a4 36. Rxe5 Qxe5 37. Qxe5 Nxe5 38. Kg3 f6 39. Rd5 Nd7 40. Kf4 Kf7 41. Bd1 h5 42. h4 Bc6 43. Rd2 c4 44. Ke3 Ke6 45. g4 Ne5 46. gxh5 gxh5 47. Rd4 a3 48. Be2 b3 49. Bxc4+ Nxc4+ 50. Rxc4 b2 51. Rb4 Kxd6 52. Kd4 Bd7 53. Kc3 Be6 54. Rd4+ Ke5 55. Rd1 Bxa2 0-1

[Event "Rewal op-A 16th"]
[Site "Rewal"]
[Date "2011.08.20"]
[Round "2"]
[White "Palosz, Andrzej"]
[Black "Sliwicki, Damian"]
[Result "1-0"]
[WhiteElo "2167"]
[BlackElo "1899"]
[PlyCount "79"]
[EventDate "2011.08.19"]
[EventType "swiss"]
[EventRounds "9"]
[EventCountry "POL"]
[SourceTitle "CBM 144 Extra"]
[Source "ChessBase"]
[SourceDate "2011.10.28"]
[SourceVersion "1"]
[SourceVersionDate "2011.10.28"]
[SourceQuality "1"]

1. e4 c5 2. Nc3 Nc6 3. Nge2 g6 4. d4 cxd4 5. Nxd4 Bg7 6. Be3 Nf6 7. Bc4 0-0 8. 0-0 Ng4 9. Qxg4 Nxd4 10. Qd1 Nc6 11. Qd2 d6 12. Bh6 Bd7 13. Bxg7 Kxg7 14. Nd5 Rc8 15. Bb3 Be6 16. Rfe1 Bxd5 17. exd5 Nb8 18. Qd4+ Kg8 19. Qxa7 Rc7 20. Qe3 Na6 21. c3 Nc5 22. Bc2 Re8 23. Qh6 e5 24. dxe6 fxe6 25. Re3 e5 26. Rd1 Rf8 27. h4 Ne6 28. Bb3 Qe7 29. h5 Rf6 30. hxg6 hxg6 31. Rh3 Qg7 32. Qh4 Rd7 33. Qg4 Kf7 34. Rf3 Ke7 35. Re3 g5 36. Rg3 Rf4 37. Qxe6+ Kf8 38. Rxd6 Qh7 39. Rxd7 Qb1+ 40. Rd1 1-0

[Event "POL-chT Region"]
[Site "Swietokrzyskie"]
[Date "2010.01.09"]
[Round "2"]
[White "Kiljanski, Jedrzej"]
[Black "Palosz, Andrzej"]
[Result "0-1"]
[WhiteElo "1713"]
[BlackElo "2167"]
[PlyCount "66"]
[EventDate "2010.01.09"]
[EventType "team-swiss"]
[EventRounds "10"]
[EventCountry "POL"]
[SourceTitle "EXT 2013"]
[Source "ChessBase"]
[SourceDate "2012.11.22"]
[SourceVersion "1"]
[SourceVersionDate "2012.11.22"]
[SourceQuality "1"]

1. e4 c5 2. Nf3 e6 3. d4 cxd4 4. Nxd4 a6 5. Be2 Nf6 6. Nc3 Bb4 7. Qd3 d5 8. e5 Ne4 9. 0-0 Bxc3 10. bxc3 Qc7 11. c4 Qxe5 12. cxd5 exd5 13. Ba3 Nc6 14. Nxc6 bxc6 15. Rfe1 Be6 16. Bf3 f5 17. Rab1 Qc7 18. Qb3 Kf7 19. Bxe4 dxe4 20. Qc3 Rhd8 21. f3 Bd5 22. Qc5 Qa7 23. Rb6 Rab8 24. Reb1 Rxb6 25. Rxb6 exf3 26. gxf3 Kg8 27. Kg2 Re8 28. c4 Bf7 29. Qxc6 Re2+ 30. Kh3 f4 31. Kg4 Be6+ 32. Qxe6+ Rxe6 33. Rxe6 Qd7 0-1

[Event "Rewal op-A 14th"]
[Site "Rewal"]
[Date "2009.08.29"]
[Round "9"]
[White "Palosz, Andrzej"]
[Black "Robak, Zbigniew"]
[Result "0-1"]
[WhiteElo "2141"]
[BlackElo "2279"]
[PlyCount "96"]
[EventDate "2009.08.19"]
[EventType "swiss"]
[EventRounds "9"]
[EventCountry "POL"]
[SourceTitle "CBM 131 Extra"]
[Source "ChessBase"]
[SourceDate "2009.09.03"]
[SourceVersion "2"]
[SourceVersionDate "2009.09.16"]
[SourceQuality "1"]

1. e4 d6 2. d4 Nf6 3. Nc3 g6 4. f4 Bg7 5. Nf3 0-0 6. Bd3 Na6 7. e5 Nd7 8. Be3 c5 9. Bxa6 bxa6 10. dxc5 Nxc5 11. Bxc5 dxc5 12. Qd5 Bg4 13. 0-0 Qc8 14. Ng5 Rb8 15. Qc4 Rb4 16. Qd5 Rd4 17. Qb3 h6 18. Nge4 Qc6 19. Rae1 Bf5 20. Ng3 Be6 21. Qa3 Rd2 22. Rf2 Rxf2 23. Kxf2 f6 24. Qa4 Qxa4 25. Nxa4 fxe5 26. Nxc5 Bc8 27. f5 gxf5 28. Nh5 Bh8 29. Rd1 f4 30. Nd7 Bxd7 31. Rxd7 Rf5 32. Rxe7 Rxh5 33. b4 Bf6 34. Rxa7 e4 35. Rxa6 Bd4+ 36. Kf1 Rxh2 37. Rd6 Be3 38. Re6 Rh1+ 39. Ke2 Rc1 40. Rxe4 Rxc2+ 41. Kf3 Rf2+ 42. Kg4 Rxg2+ 43. Kf5 Rxa2 44. b5 Kf7 45. Rc4 Rb2 46. Rc7+ Ke8 47. Ke6 Kd8 48. Rd7+ Kc8 0-1

[Event "Rewal op-A 14th"]
[Site "Rewal"]
[Date "2009.08.27"]
[Round "7"]
[White "Palosz, Andrzej"]
[Black "Brodowski, Piotr"]
[Result "1/2-1/2"]
[WhiteElo "2141"]
[BlackElo "2397"]
[PlyCount "66"]
[EventDate "2009.08.19"]
[EventType "swiss"]
[EventRounds "9"]
[EventCountry "POL"]
[SourceTitle "CBM 131 Extra"]
[Source "ChessBase"]
[SourceDate "2009.09.03"]
[SourceVersion "2"]
[SourceVersionDate "2009.09.16"]
[SourceQuality "1"]

1. e4 c5 2. Nf3 g6 3. c3 Bg7 4. Bc4 Nc6 5. 0-0 Qb6 6. Re1 d6 7. a4 Nf6 8. d3 0-0 9. Nbd2 Rd8 10. Ba2 d5 11. Qc2 Qc7 12. h3 b6 13. Nf1 dxe4 14. dxe4 Ba6 15. Ne3 Bd3 16. Bxf7+ Kxf7 17. Qb3+ Ke8 18. Ng5 c4 19. Nxc4 Nd4 20. Nd6+ exd6 21. cxd4 Bc4 22. Qc2 Rac8 23. e5 dxe5 24. dxe5 Ng8 25. Nxh7 Bd3 26. Qb3 Qc4 27. Qa3 Qc5 28. Qb3 Qd5 29. Qa3 Qc5 30. Qb3 Qd5 31. Qa3 Rc6 32. Bg5 Rd7 33. Rad1 Qc4 1/2-1/2

[Event "Rewal op-A 13th"]
[Site "Rewal"]
[Date "2008.08.27"]
[Round "7"]
[White "Palosz, Andrzej"]
[Black "Demidowicz, Maria"]
[Result "1-0"]
[WhiteElo "2148"]
[BlackElo "2032"]
[PlyCount "51"]
[EventDate "2008.08.20"]
[EventType "swiss"]
[EventRounds "9"]
[EventCountry "POL"]
[SourceTitle "CBM 126 Extra"]
[Source "ChessBase"]
[SourceDate "2008.11.05"]
[SourceVersion "1"]
[SourceVersionDate "2008.11.05"]
[SourceQuality "1"]

1. e4 c5 2. Nc3 a6 3. Nge2 d6 4. g3 b5 5. Bg2 Bb7 6. d3 Nd7 7. 0-0 e6 8. Be3 Ngf6 9. h3 Be7 10. f4 Qc7 11. Qd2 h5 12. Rae1 c4 13. Nd4 b4 14. Nd1 a5 15. e5 dxe5 16. fxe5 Nd5 17. Nb5 Qc6 18. dxc4 Qxc4 19. Nd6+ Bxd6 20. exd6 Rc8 21. Bd4 Qxc2 22. Qg5 N7f6 23. Qxg7 Rg8 24. d7+ Kxd7 25. Qxf7+ Ne7 26. Qxe6+ 1-0

[Event "Kochan Memorial op-A 18th"]
[Site "Koszalin"]
[Date "2007.08.08"]
[Round "4"]
[White "Czuchnicki, Adam"]
[Black "Palosz, Andrzej"]
[Result "1/2-1/2"]
[WhiteElo "2114"]
[BlackElo "2153"]
[PlyCount "67"]
[EventDate "2007.08.05"]
[EventType "swiss"]
[EventRounds "9"]
[EventCountry "POL"]
[SourceTitle "CBM 119 Extra"]
[Source "ChessBase"]
[SourceDate "2007.09.04"]
[SourceVersion "1"]
[SourceVersionDate "2007.09.04"]
[SourceQuality "1"]

1. d4 Nf6 2. c4 g6 3. Nc3 d5 4. cxd5 Nxd5 5. g3 Bg7 6. Bg2 Nxc3 7. bxc3 c5 8. e3 0-0 9. Ne2 Qc7 10. 0-0 Nc6 11. Rb1 Bg4 12. h3 Bd7 13. Ba3 cxd4 14. cxd4 Rfe8 15. d5 Na5 16. Bxe7 Bf5 17. d6 Qd7 18. Rc1 Nc6 19. g4 Be6 20. Bh4 Be5 21. Nd4 Rac8 22. Nxc6 bxc6 23. Qa4 Qxd6 24. Rfd1 Bd5 25. e4 Bh2+ 26. Kh1 Qf4 27. Bg3 Bxg3 28. fxg3 Qxg3 29. exd5 Re2 30. Rg1 Rxg2 31. Rxg2 Qxh3+ 32. Rh2 Qf3+ 33. Rg2 Qh3+ 34. Rh2 1/2-1/2

[Event "Kochan Memorial op-A 18th"]
[Site "Koszalin"]
[Date "2007.08.05"]
[Round "1"]
[White "Palosz, Andrzej"]
[Black "Shishkin, Vadim"]
[Result "0-1"]
[WhiteElo "2153"]
[BlackElo "2543"]
[PlyCount "66"]
[EventDate "2007.08.05"]
[EventType "swiss"]
[EventRounds "9"]
[EventCountry "POL"]
[SourceTitle "CBM 119 Extra"]
[Source "ChessBase"]
[SourceDate "2007.09.04"]
[SourceVersion "1"]
[SourceVersionDate "2007.09.04"]
[SourceQuality "1"]

1. e4 c5 2. Nf3 Nc6 3. d4 cxd4 4. Nxd4 Nf6 5. Nc3 d6 6. Bg5 Qb6 7. Nb3 e6 8. Be3 Qc7 9. Be2 Be7 10. 0-0 0-0 11. f4 b6 12. Bf3 Ba6 13. Rf2 Rfd8 14. Qe1 Rab8 15. Rd1 b5 16. a3 b4 17. axb4 Nxb4 18. Ra1 Nd7 19. Ra4 Nc5 20. Nxc5 dxc5 21. Qa1 Bb7 22. Rxa7 Nc6 23. Ra4 Nd4 24. b3 Bc6 25. Ra7 Rb7 26. Rxb7 Qxb7 27. e5 Bxf3 28. gxf3 Nxf3+ 29. Kf1 Nxe5 30. Ke2 Ng4 31. Rf3 Nxe3 32. Kxe3 Bf6 33. Qa5 Qd7 0-1

[Event "Kochan Memorial op 17th"]
[Site "Koszalin"]
[Date "2006.08.13"]
[Round "10"]
[White "Strzemiecki, Zbigniew"]
[Black "Palosz, Andrzej"]
[Result "1-0"]
[WhiteElo "2366"]
[BlackElo "2139"]
[PlyCount "45"]
[EventDate "2006.08.04"]
[EventType "swiss"]
[EventRounds "10"]
[EventCountry "POL"]
[SourceTitle "CBM 113 Extra"]
[Source "ChessBase"]
[SourceDate "2006.09.14"]
[SourceVersion "1"]
[SourceVersionDate "2006.09.14"]
[SourceQuality "1"]

1. e4 c5 2. Nf3 e6 3. d4 cxd4 4. Nxd4 a6 5. Bd3 Nf6 6. Qe2 d6 7. 0-0 g6 8. c4 Bg7 9. Nc3 b6 10. Be3 Bb7 11. f4 Nbd7 12. b4 0-0 13. Rac1 Re8 14. Nb3 d5 15. e5 dxc4 16. Bxc4 Nd5 17. Bxd5 exd5 18. Rfd1 f6 19. Nxd5 fxe5 20. Nxb6 exf4 21. Rxd7 fxe3 22. Rcc7 Be5 23. Qc4+ 1-0

[Event "Kochan Memorial op 17th"]
[Site "Koszalin"]
[Date "2006.08.10"]
[Round "7"]
[White "Palosz, Andrzej"]
[Black "Rzoska, Kamil"]
[Result "1/2-1/2"]
[WhiteElo "2139"]
[BlackElo "2161"]
[PlyCount "36"]
[EventDate "2006.08.04"]
[EventType "swiss"]
[EventRounds "10"]
[EventCountry "POL"]
[SourceTitle "CBM 113 Extra"]
[Source "ChessBase"]
[SourceDate "2006.09.14"]
[SourceVersion "1"]
[SourceVersionDate "2006.09.14"]
[SourceQuality "1"]

1. e4 e5 2. Nf3 Nc6 3. Bb5 a6 4. Ba4 Nf6 5. 0-0 Be7 6. Re1 b5 7. Bb3 0-0 8. c3 d5 9. exd5 Nxd5 10. Nxe5 Nxe5 11. Rxe5 c6 12. d3 Bd6 13. Re1 Qh4 14. g3 Qh3 15. Re4 Qd7 16. c4 Nf6 17. Rh4 Be7 18. f3 c5 1/2-1/2

[Event "Kochan Memorial op 17th"]
[Site "Koszalin"]
[Date "2006.08.09"]
[Round "6"]
[White "Grycel, Kamil"]
[Black "Palosz, Andrzej"]
[Result "1-0"]
[WhiteElo "2317"]
[BlackElo "2139"]
[PlyCount "57"]
[EventDate "2006.08.04"]
[EventType "swiss"]
[EventRounds "10"]
[EventCountry "POL"]
[SourceTitle "CBM 113 Extra"]
[Source "ChessBase"]
[SourceDate "2006.09.14"]
[SourceVersion "1"]
[SourceVersionDate "2006.09.14"]
[SourceQuality "1"]

1. d4 Nf6 2. c4 g6 3. Nf3 Bg7 4. g3 d5 5. cxd5 Nxd5 6. Bg2 0-0 7. 0-0 Nb6 8. Nc3 Nc6 9. e3 e5 10. d5 Na5 11. e4 c6 12. Re1 Re8 13. a4 cxd5 14. exd5 e4 15. Nxe4 Nxd5 16. Bg5 f6 17. Nxf6+ Nxf6 18. Rxe8+ Qxe8 19. Bxf6 Bxf6 20. Qd5+ Be6 21. Qxa5 Bxb2 22. Re1 Qd7 23. Ng5 Bf5 24. Qd5+ Qxd5 25. Bxd5+ Kg7 26. Re7+ Kf6 27. Rxh7 Rd8 28. f4 Rd7 29. Ne4+ 1-0

[Event "POL-chT 2nd League"]
[Site "Wysowa"]
[Date "2005.08.29"]
[Round "3.85"]
[White "Palosz, Andrzej"]
[Black "Leszner, Mariusz"]
[Result "1/2-1/2"]
[WhiteElo "2164"]
[BlackElo "2240"]
[PlyCount "137"]
[EventDate "2005.08.27"]
[EventType "team-swiss"]
[EventRounds "9"]
[EventCountry "POL"]
[SourceTitle "EXT 2019"]
[Source "ChessBase"]
[SourceDate "2018.10.10"]
[SourceVersion "1"]
[SourceVersionDate "2018.10.10"]
[SourceQuality "1"]
[WhiteTeam "Kielce Fart"]
[BlackTeam "Lodz Szach Centrum"]
[WhiteTeamCountry "POL"]
[BlackTeamCountry "POL"]

1. e4 d6 2. d4 g6 3. Nc3 Bg7 4. Be3 Nc6 5. h3 e5 6. Nf3 exd4 7. Nxd4 Nxd4 8. Bxd4 Nf6 9. Qf3 0-0 10. 0-0-0 Be6 11. e5 Ne8 12. exd6 Bxd4 13. Rxd4 Qg5+ 14. Kb1 Nxd6 15. Nd5 Qe5 16. Qd1 Nf5 17. Rd2 c5 18. f4 Qg7 19. Nc7 Rac8 20. Nxe6 fxe6 21. Bc4 Nd4 22. Rxd4 cxd4 23. Bxe6+ Kh8 24. Bxc8 Rxc8 25. Re1 Qf6 26. Re4 Rd8 27. Qd3 Rd7 28. g4 Qc6 29. a3 b5 30. Rxd4 Rxd4 31. Qxd4+ Kg8 32. Qd3 a6 33. Ka2 h6 34. h4 a5 35. Qb3+ Kf8 36. f5 gxf5 37. gxf5 Qe4 38. Qxb5 Qxh4 39. Qb8+ Kf7 40. Qc7+ Ke8 41. Qe5+ Kf7 42. Qe6+ Kg7 43. c4 h5 44. c5 Qf4 45. Qe7+ Kg8 46. Qe6+ Kg7 47. c6 h4 48. Qe7+ Kg8 49. Qe6+ Kg7 50. Qg6+ Kf8 51. f6 Qc4+ 52. Kb1 Qf1+ 53. Kc2 Qc4+ 54. Kd2 Qd4+ 55. Ke1 Qe3+ 56. Kf1 Qc1+ 57. Kg2 Qxb2+ 58. Kh3 Qc3+ 59. Kxh4 Qe1+ 60. Kh5 Qh1+ 61. Kg5 Qg2+ 62. Kh6 Qh1+ 63. Qh5 Qxc6 64. Kg6 Qe8+ 65. Kh6 Qe3+ 66. Qg5 Qh3+ 67. Kg6 Qd3+ 68. Kh6 Qh3+ 69. Kg6 1/2-1/2

[Event "POL-chT 2nd League"]
[Site "Wysowa"]
[Date "2005.08.27"]
[Round "1.67"]
[White "Palosz, Andrzej"]
[Black "Rawski, Slawomir"]
[Result "0-1"]
[WhiteElo "2164"]
[BlackElo "2271"]
[PlyCount "79"]
[EventDate "2005.08.27"]
[EventType "team-swiss"]
[EventRounds "9"]
[EventCountry "POL"]
[SourceTitle "EXT 2019"]
[Source "ChessBase"]
[SourceDate "2018.10.10"]
[SourceVersion "1"]
[SourceVersionDate "2018.10.10"]
[SourceQuality "1"]
[WhiteTeam "Kielce Fart"]
[BlackTeam "Gdynia Korsarz"]
[WhiteTeamCountry "POL"]
[BlackTeamCountry "POL"]

1. e4 e6 2. d4 d5 3. e5 b6 4. c3 Qd7 5. f4 h5 6. Nf3 g6 7. c4 Nh6 8. Nc3 Be7 9. cxd5 exd5 10. Bd3 Ba6 11. 0-0 0-0 12. e6 Qd6 13. exf7+ Rxf7 14. Ne5 Rg7 15. Bxa6 Nxa6 16. Qa4 Nb8 17. Qe8+ Kh7 18. f5 gxf5 19. Qxh5 Na6 20. Bxh6 Qxh6 21. Qxf5+ Kg8 22. Ng4 Qg5 23. Nh6+ Qxh6 24. Qxd5+ Kh7 25. Qxa8 c6 26. Qc8 Bd6 27. Qf5+ Rg6 28. h3 Qe3+ 29. Kh1 Qg3 30. Qf7+ Kh6 31. Qxg6+ Kxg6 32. Kg1 Qh2+ 33. Kf2 Nb4 34. Rad1 Qg3+ 35. Kg1 Qe3+ 36. Kh1 Nd3 37. d5 Qe5 38. g3 Qxg3 39. Rf6+ Kh5 40. Rxd3 0-1

[Event "Krakow op"]
[Site "Krakow"]
[Date "2004.12.29"]
[Round "3"]
[White "Chojnacki, Krzysztof"]
[Black "Palosz, Andrzej"]
[Result "1-0"]
[WhiteElo "2310"]
[BlackElo "2172"]
[PlyCount "61"]
[EventDate "2004.12.27"]
[EventType "swiss"]
[EventRounds "9"]
[EventCountry "POL"]
[SourceTitle "CBM 104 Extra"]
[Source "ChessBase"]
[SourceDate "2005.03.01"]
[SourceVersion "1"]
[SourceVersionDate "2005.03.01"]
[SourceQuality "1"]

1. e4 c5 2. Nf3 Nc6 3. d4 cxd4 4. Nxd4 g6 5. c4 Bg7 6. Be3 Nf6 7. Nc3 Ng4 8. Qxg4 Nxd4 9. Qd1 e5 10. Qd2 0-0 11. Nb5 Re8 12. Be2 d6 13. 0-0 a6 14. Nxd4 exd4 15. Bxd4 Rxe4 16. Bxg7 Kxg7 17. b3 Qf6 18. Rad1 h5 19. Bf3 Re6 20. Rfe1 Rxe1+ 21. Qxe1 a5 22. Qe8 a4 23. bxa4 Qe6 24. Qb5 Bd7 25. Qb2+ Kg8 26. Bd5 Qf5 27. Qxb7 Rxa4 28. c5 dxc5 29. Bxf7+ Qxf7 30. Rxd7 Rxa2 31. Qb8+ 1-0